Australian Faunal Emblems - Statistics

General Stats
  • This quiz has been taken 30 times
  • The average score is 5 of 7
Answer Stats
State or Territory Faunal Emblem % Correct
Northern Territory Red Kangaroo
91%
Queensland Koala
87%
Tasmania Tasmanian Devil
78%
South Australia Hairy-nosed Wombat
70%
New South Wales Platypus
57%
Western Australia Numbat
39%
Victoria Leadbeater's Possum
35%
No matching quizzes found
Score Distribution
Percent of People with Each Score
Percentile by Number Answered
Your Score History
You have not taken this quiz